Normal view MARC view

Entry Personal Name

Number of records used in: 1

001 - CONTROL NUMBER

  • control field: 29708

003 - CONTROL NUMBER IDENTIFIER

  • control field: dpl

005 - DATE AND TIME OF LATEST TRANSACTION

  • control field: 20110719144429.0

008 - FIXED-LENGTH DATA ELEMENTS

  • fixed length control field: 110719|||a|||||| | ||| d

040 ## - CATALOGING SOURCE

  • Original cataloging agency: dpl
  • Transcribing agency: dpl

100 ## - HEADING--PERSONAL NAME

  • Personal name: मीनाक्षी कांत,

670 ## - SOURCE DATA FOUND

  • Source citation: Work cat.: (dpl)15672: शीलवंत सिंह 29707, भारत-2008: सार-संग्रह /, 2008

670 ## - SOURCE DATA FOUND

  • Source citation: Work cat.: (dpl)15672: शीलवंत सिंह 29707, भारत-2008: सार-संग्रह /, 2008

© Delhi Public Library
Hit Counter
free hit counter